Alle K3-liedjes tot februari 2026 - Statistieken

Algemene statistieken
  • Deze quiz is 46 keer genomen
  • De gemiddelde score is 109 van 390
Antwoordstatistieken
Antwoord % Correct
Oya lélé
96%
Tele-romeo
96%
Tele-romeo (karaoke)
96%
10.000 luchtballonnen
92%
Alle kleuren
92%
Alle kleuren (karaoke)
92%
Ya ya yippee
92%
De 3 biggetjes
88%
Eyo!
88%
Heyah mama
88%
Heyah mama (Afrikaanse versie)
88%
Heyah mama (Engelstalige versie)
88%
Heyah mama (ID remix)
88%
Heyah mama (karaoke)
88%
Verliefd
88%
Alice in Wonderland
85%
Dans van de farao
85%
Kuma hé
85%
MaMaSé!
85%
Parels
85%
Ushuaia
85%
Waterval
85%
Loko le
81%
Roller Disco
81%
Vleugels
81%
Leonardo
69%
Amor
65%
Oma's aan de top
65%
Oma's aan de top (karaoke)
65%
De politie
62%
Kusjesdag
62%
Liefdeskapitein
62%
Trouwen
62%
Je hebt een vriend
58%
Je hebt een vriend (karaoke)
58%
Toveren
58%
Toveren (karaoke)
58%
Toveren (single versie)
58%
Dokter dokter
54%
Het lied van de zeemeermin
50%
Kus van de juf
50%
Papapa
50%
Waar zijn die engeltjes
50%
Blub, ik ben een vis!
46%
Blub, ik ben een vis! (karaoke)
46%
Feest
46%
Hallo!
46%
Hallo K3
46%
Hart verloren
46%
K3 loves you
46%
SMS
46%
Te laat
46%
Zeg eens AAA
46%
Als het binnenregent
42%
Beest
42%
De revolutie
42%
De wereld van K3
42%
Disco oma
42%
Jurkje
42%
K3-airlines
42%
Kusjessoldaten
42%
Naar de film
42%
Niet-verjaardagsfeest
42%
Pina Colada
42%
Prinses
42%
Yeke yeke
42%
Yeke yeke (ID remix)
42%
Yeke yeke (karaoke)
42%
Zonnestraaltje
42%
1.000 kleine matroosjes
38%
Alles kan in Wonderland
38%
Borst vooruit
38%
Etiquetterap
38%
Handjes draaien
38%
I love you baby
38%
I love you baby (karaoke)
38%
Liefde is overal
38%
Lollypopland
38%
Love boat baby
38%
Mango mango
38%
Meiden van de brandweer
38%
Rettettet
38%
Tik tok tobias
38%
Willem-Alexander
38%
Zwaai als je verliefd bent
38%
Baby come back
35%
Beroemd
35%
Bubbel
35%
Filmster
35%
Frans liedje
35%
Hippie shake
35%
Hippie shake (karaoke)
35%
Jij bent
35%
Jij bent de bom!
35%
K3 kan het!
35%
Liefde love amour
35%
Mama's en papa's
35%
Mama's en papa's (karaoke)
35%
Niet normaal
35%
Onder water
35%
Play-O
35%
Rokjes
35%
Alle Chinezen
31%
Alleen door jou
31%
Als het regent
31%
Altijd blijven dromen
31%
Choco choco
31%
Een ongelooflijk idee
31%
Hart van peperkoek
31%
Luka Luna
31%
Oh ja
31%
Op elkaar
31%
Op elkaar (karaoke)
31%
Op elkaar (TOP remix)
31%
Parapluutje
31%
Shakalaka
31%
Ster
31%
Superhero
31%
Tjikke boem
31%
Wat ik wil
31%
Wat ik wil (karaoke)
31%
Wat ik wil (Milc Inc. remix)
31%
Witje mijn duifje
31%
Yippee yippee
31%
Ali baba
27%
Aliyee
27%
Antwoordapparaat
27%
Beter als je danst
27%
Doe de bloemendans
27%
Drums gaan boem
27%
Eeuwig en altijd
27%
Feestje
27%
Fiesta de amor
27%
Geloof in jezelf
27%
Hakuna matata
27%
Je doet maar wat
27%
Jij bent mijn Gigi
27%
Jodelee
27%
Kitty
27%
Kruisje op een wereldkaart
27%
Lawine
27%
Leugentje leugentje
27%
Opa
27%
Piramide van liefde
27%
Viva viool
27%
Wanneer zie ik jou terug
27%
Zomer van liefde
27%
Zou er iemand zijn op Mars?
27%
Bikini vol zand
23%
Carnaval
23%
Cowboys en indianen
23%
Dieper dan de zee
23%
Eerste kus
23%
En ik dans
23%
Eya hoya!
23%
Fata Morgana
23%
Feestje in de keuken
23%
Giddy-up-a-gogo
23%
Hartenkoning-in
23%
Helden en soldaten
23%
Iedereen K3
23%
Ik wil naar huis
23%
Koning Willem-Alexander
23%
Kusje van jou
23%
Mami Bisou
23%
Meisje in de Spiegel
23%
Prins Maurice
23%
Straal!
23%
Verlegen vlindertje
23%
Verstoppertje
23%
Whoppa!
23%
Wij zijn gibbertjes
23%
Woef!
23%
1, 2, doe met me mee
19%
Babouchka
19%
Blankenberge
19%
Boembiboem
19%
De allermooiste vlinder
19%
De wolvenhorde
19%
Dubbeldekkertrein
19%
Fiets
19%
Goden
19%
Hippie happy holiday
19%
Hoofd in de wolken
19%
Ik sta je bij
19%
Iliake
19%
In de ruimte van jouw armen
19%
Je mama ziet je graag
19%
K3-pap
19%
Kijk ons nou
19%
Kinderhart
19%
Laat de wind maar waaien
19%
Letter V
19%
Liefde geeft je vleugels
19%
Lila liedjesland
19%
Meisjesdag
19%
Mijn liefje achterna
19%
Nooit meer oorlog
19%
On va danser
19%
Parapluutjes
19%
Popgroep
19%
Prinsesje en superman
19%
Radio
19%
Raket naar de maan
19%
Sprookjesboek
19%
Superster
19%
Telepathie
19%
Toetje
19%
Verliefd zijn
19%
Vind ik leuk
19%
Visje in het water
19%
Vogeltjes
19%
Wat een feest
19%
Zomerlijf
19%
Alle baby's
15%
Awuwa (Zij wil dansen)
15%
Bambolaya
15%
Bel me ringeling
15%
Billy billy
15%
Canta lysinga
15%
De tafel van K3
15%
Dit is jouw verjaardag
15%
Do do do you love me
15%
Doe maar
15%
Gigaleuke dag
15%
Hand in hand
15%
Happy birthday
15%
Het steltenlied
15%
Heyah mama 2.0
15%
Hey hey
15%
Hollywood
15%
Honingbeer
15%
Huwelijksmedley
15%
Icoon
15%
Ik blijf bij jou
15%
Ik doe wat ik wil
15%
(ik wil) Bamba
15%
Ik wil niet naar huis gaan
15%
Jij bent mooi
15%
Jongens zijn gek!
15%
Jupiter
15%
K3 4-ever
15%
Kinderen baas
15%
Kinderen van de regenboog
15%
Labo van liefde
15%
Land van de regenboog
15%
Leukste van het land
15%
Leve de cowboys
15%
Liefde is een eiland
15%
Meisjes doen de wereld draaien
15%
Mr. de President
15%
Muziek
15%
Onzichtbaar
15%
Op de kermis
15%
Pyjamaparty
15%
Ra-ta-ta-ta
15%
Samen feesten
15%
Smoorverliefd
15%
Sprookjesbos
15%
Ster aan de hemel
15%
Sterren
15%
Torenhoog
15%
Vanbinnen
15%
Vliegen als een vogel
15%
Voel je die zon
15%
Vriend of vriendin (S.O.S.)
15%
Wat doe ik met mijn haar
15%
We eten konijn
15%
Wij blijven vrienden
15%
Yippee yippee (karaoke)
15%
Zonder jou
15%
Zonder liefde
15%
Zoo
15%
Adem
12%
Altijd van je dromen
12%
Altijd van je dromen (TOP remix)
12%
Baby Boe
12%
Beautiful boy
12%
Ben ik dan zo anders
12%
Bibliotheek
12%
Bij ons thuis
12%
Blijven staan
12%
Dat ik van je hou
12%
De aarde beeft
12%
De gordel is er weer
12%
De wereld veranderen
12%
Duizend deuren
12%
Eeny meeny
12%
Eskimo
12%
Excuseer me
12%
Geen tweede keer
12%
Hallelujah, het is zomer!
12%
Hey hallo
12%
Hey Mister Deejay
12%
Hiep hiep hoera
12%
Hou me in je armen
12%
Iedereen is anders
12%
Iedereen op de dansvloer
12%
Ik geloof in jou
12%
Ik kan niet meer verder zonder jou
12%
Ik kom tot leven
12%
Ik schreeuw het van de daken
12%
Jij en ik
12%
Jongen van mijn dromen
12%
Keileuke zomer
12%
La la later
12%
Liefde is je superkracht
12%
Mama kan alles
12%
Mijn held
12%
Mijn kleine presidentje
12%
Miljoen
12%
Mooier dan je denkt
12%
Noodkreet
12%
Ons huis
12%
Op televisie
12%
Puppy love
12%
Stapelgek
12%
Superformidastisch
12%
Vakantie
12%
Vriendschap
12%
Vrij
12%
Ware liefde
12%
Wat ik wensen zou
12%
Wat jij doet met mij
12%
Wie zal ik een kusje geven
12%
10e verjaardag
8%
Betoverd
8%
Ciao amore mio
8%
Dat ding dat je doet
8%
De weddenschapsgospel
8%
Doornroosje trouwt
8%
Een beetje liefde
8%
Er zal liefde zijn
8%
Het is gedaan met de biggen
8%
Het mooiste liedje ooit
8%
Hier komt de zon
8%
Hokus pokus dikke dokus
8%
Intro de 3 biggetjes
8%
Jouw beste vriendin
8%
Jullie worden biggen
8%
Kampioen
8%
Lied van de vos
8%
Om te dromen
8%
Pas toch op voor de grote boze wolf
8%
Proloog
8%
Spinnewielen
8%
Sproetje
8%
Vandaag is het de dag
8%
Wie wordt straks m'n liefje
8%
Wij zijn bang
8%
Zo een liedje
8%
Boom boom
4%
Cake met chocolade
4%
Chaca loco
4%
Eeuwig samen
4%
Geboortefeest
4%
Jonathan en de draak
4%
Morgen gaan we trouwen
4%
Nieuws van het kasteel
4%
Ouverture
4%
Slecht, ik ben slecht
4%
Wat ek wil
4%
Word wakker
4%
Zeg mij waarom
4%
Give me love
0%
Perels
0%
Proud to be a woman
0%
We're going up
0%
Geen overeenkomende quizzen gevonden
Scoreverdeling
Procent van Mensen met Elke Score
Percentiel versus Aantal Correcte Antwoorden
Uw Scoregeschiedenis
U heeft deze quiz nog niet genomen